| 000 | 01198nam a2200337 a 4500 | ||
|---|---|---|---|
| 001 | 000115381 | ||
| 003 | CHAP | ||
| 005 | 20220329144532.0 | ||
| 008 | 190516s2018 mx |r| ||||||spa d | ||
| 010 | _a111842 | ||
| 011 | _a112814 | ||
| 020 | _a9786071655530 | ||
| 040 | _cCHAP | ||
| 082 | 0 | 4 |
_a352.10972 _bA55 |
| 100 | 1 |
_aAndrade Martínez, Marcela. _9135612 |
|
| 245 | 1 | 0 |
_aReforma en materia de disciplina financiera de las entidades federativas y los municipios / _cpor Marcela Andrade Martínez. |
| 260 |
_aCiudad de México : _bFCE, _c2018. |
||
| 300 | _a140 p. | ||
| 490 |
_aAdministración pública. _pSerie reformas estructurales |
||
| 590 |
_aBATCH-UPD _b05 _c20190516 _lUCH01 _h1253 |
||
| 590 |
_aE11695DGD _b10 _c20190520 _lUCH01 _h0955 |
||
| 590 |
_aE5765TAJ _b05 _c20190516 _lUCH01 _h1252 |
||
| 650 | 1 | 4 |
_aAdministración pública _zMéxico. _9944 |
| 650 | 1 | 4 |
_aBancos _xPolíticas públicas. _9135614 |
| 650 | 1 | 4 |
_aInstituciones financieras _xLeyes y legislación. _9135613 |
| 651 | 4 |
_aMéxico _xPolítica y gobierno _xReformas _ySiglo XXI. _9135621 |
|
| 830 | 0 |
_aAdministración pública. _pSerie reformas estructurales _9135622 |
|
| 901 | _aBK | ||
| 942 | _cLIBRO | ||
| 942 | _n0 | ||
| 999 |
_c111842 _d111842 |
||